000 00683nam a22001937a 4500
003 BUBTL
008 190409b xxu||||| |||| 00| 0 eng d
020 _a984-70343-0655-2
082 _a891.443 / CHS
100 _92270
_aচট্টোপাধ্যায়, শরৎচন্দ্র
245 _aশেষ প্রশ্ন /
_cশরৎচন্দ্র চট্টোপাধ্যায়
250 _a1st ed.
260 _aঢাকা :
_bমাটিগন্ধা,
_cc2016
300 _a222 p. :
_c22 cm.
650 0 _91692
_aবাংলা সাহিত্য
856 _k0
_l0
_yDownload
942 _2ddc
_cBK
999 _c5968
_d5968